| 000 | 01832nam0a2200373 4500 | ||
|---|---|---|---|
| 001 | RU\NLR\BIBL_A\022666358 | ||
| 005 | 20260126162815.0 | ||
| 010 |
_a978-5-16-020798-8 _bprint _9500 |
||
| 010 |
_a978-5-16-113452-8 _bonline |
||
| 021 |
_aRU _bКН-П-25-056751 _9КН-П-25-5474 |
||
| 035 | _a(NLR Aleph) 022666358 | ||
| 090 |
_a13539479 _c13539479 |
||
| 100 | _a20251117d2026 u y0rusy50 ca | ||
| 101 | 0 | _arus | |
| 102 | _aRU | ||
| 105 | _aa j 000yy | ||
| 181 | 0 |
_ai _baxxe |
|
| 182 | 0 | _an | |
| 200 | 1 |
_aМетоды расчета основных технико-экономических показателей проектирования (дизайн) _eучебное пособие _eдля студентов специальности "Дизайн (по отраслям)" всех форм обучения _fЮ. Р. Малых |
|
| 203 |
_aТекст _bвизуальный _cнепосредственный |
||
| 210 |
_aМосква _cИНФРА-М _d2026 (печ. 2025) |
||
| 215 |
_a179 с. _cил., табл. _d22 |
||
| 225 | 1 | _aСреднее профессиональное образование | |
| 300 | _aНа задней сторонке пер. авт.: Малых Ю. Р., преподаватель | ||
| 300 | _aНа тит. с.: Электрон.-библ. система znanium | ||
| 301 | _aDOI 10.12737/2195140 | ||
| 320 | _aБиблиогр.: с. 173–174 (29 назв.) | ||
| 606 | 1 |
_aБизнес-планирование _jУчебные издания для среднего профессионального образования _2nlr_sh1 _2nlr_sh2 _3RU\NLR\AUTH\661412243 |
|
| 686 | 1 | _aУ23(0)24я723 | |
| 700 | 1 |
_aМалых _bЮ. Р. _gЮлия Рашидовна |
|
| 942 | _cBOOK | ||
| 980 | _aNB | ||